000 01133naa a22002777a 4500
001 BR8903884
003 BR-BrBNA
005 20240918180518.0
007 ta
008 230509b bl.||||| |||| 00| 0 por d
040 _aBR-BrBNA
_bpor
_cBiblioteca Nacional de Agricultura
041 _a(Pt)
072 _aH60
_b3879
090 _aH60 BR8903884
100 1 _aBoock, O.J.
111 1 _a2. Seminario Brasileiro de Herbicidas e Ervas Daninhas
_cBelo Horizonte, MG (Brazil)
_d31 Jul-2 Aug 1958
245 1 _aCombate a tiririca com o nematicida D.D. [erva daninha]
260 3 _aItaguai, RJ (Brasil):
_c1959.
500 _a2. Seminario Brasileiro de Herbicidas e Ervas Daninhas realizado no Instituto Agronomico do estado de Minas Gerais Itaguai, RJ (Brasil): 1959. p. 135-140 (BR8903884-AM)H60
650 _aTIRIRICA
650 _aNEMATICIDA
650 _aCONTROLE QUIMICO
773 0 _t2. Seminario Brasileiro de Herbicidas e Ervas Daninhas realizado no Instituto Agronomico do estado de Minas Gerais
_wH60 BR8903884
_gItaguai, RJ (Brasil), 1959. p. 135-140
909 _a202404
_bLucia
_c55
_dLucia Elande
942 _cAM
_2AGRIS
999 _c320779
_d320779